On-line benchmarkingový test

Metodiky a formy benchmarkingu. Nástroj na rýchle benchmarkingové porovnanie - On-line benchmarkingový test. Rýchly benchmarkingový test je postavený na myšlienke možnosti individuálneho porovnania podniku v oblasti produktivity a finančného postavenia s vybranou vzorkou porovnávaných podnikov.

Uložené v:
Podrobná bibliografia
Hlavný autor: Gregor, Milan
Ďalší autori: Štefánik, Andrej
Médium: Kapitola
Jazyk:Slovak
Predmet:
Tagy: Pridať tag
Žiadne tagy, Buďte prvý, kto otaguje tento záznam!

MARC

LEADER 00000naa$a2200000$$$4500
001 0002542
005 20231002121827.1
041 0 |a slo 
044 |a SK 
245 1 0 |a On-line benchmarkingový test  |c Milan Gregor, Andrej Štefánik 
520 |a Metodiky a formy benchmarkingu. Nástroj na rýchle benchmarkingové porovnanie - On-line benchmarkingový test. Rýchly benchmarkingový test je postavený na myšlienke možnosti individuálneho porovnania podniku v oblasti produktivity a finančného postavenia s vybranou vzorkou porovnávaných podnikov. 
610 2 0 |a benchmarking 
610 2 0 |a porovnanie medzipodnikové 
610 2 0 |a testy 
610 2 0 |a systém on-line 
100 1 |a Gregor, Milan 
700 1 |a Štefánik, Andrej